000 00606nam a2200193 i 4500
001 35224
003 ES-MaACL
005 20260212141945.0
007 t|
008 030212s1967 sp |||| |dspa d
100 1 _aBolt, Robert.
_930009
245 1 3 _aUn hombre para la eternidad /
_cRobert Bolt ; traducción de Luis Escobar.
260 _aMadrid, etc. :
_bIberoamericanas,
_c[1967]
300 _a182 p. ;
_c17 cm.
600 0 7 _aTomás Moro,
_cSanto,
_d1478-1535-
_vTeatro
_2
_9148293
700 1 _aEscobar, Luis,
_d1908-1991
_9148292
852 _aES-MaACL
_jC-34501
999 _c35224
_d35224